Statistics for Famous People That Have Been Knighted

Click here to take the quiz!

General Stats

  • This quiz has been taken 36 times
  • The average score is 8 of 14

Answer Stats

StatusAnswer% Correct
Member of The BeatlesPaul Mccartney
97%
Member of The BeatlesRingo Staar
91%
Co-Founder of MicrosoftBill Gates
85%
41st President of U.S.George H.W. Bush
76%
40th President of U.S.Ronald Reagan
73%
Socttish Actor and ProducerSean Connery
73%
British SingerElton John
64%
Bee Gee MemberBarry Gibb
55%
Beatles ProducerGeorge Martin
39%
DirectorAlfred Hitchcock
27%
British ActorMichael Caine
27%
Indian WriterSalman Rushdie
27%
Irish SingerBob Geldof
24%
British ActorKenneth Branagh
18%

Score Distribution

Percentile by Number Answered

Percent of People with Each Score

Your Score History

You have not taken this quiz